Southville International School and Colleges
Your cart is empty.
  • Cart
  • Lists
    Public lists Eva Luna New books Lux_list list_1
    Your lists Log in to create your own lists
  • Log in to your account
  • Your cookies
  • Search history
Southville International School and Colleges
  • Advanced search
  • Recent comments
  • Most popular
  • Libraries

Log in to your account

Log in with GOOGLE


If you do not have an external account, but do have a local account, you can still log in:

  1. Home
  2. MARC view: Selected poems /
Normal view MARC view ISBD view

Selected poems / (Record no. 2281)

[ view plain ]
MARC details
000 -LEADER
fixed length control field 00488nam a22001937a 4500
003 - CONTROL NUMBER IDENTIFIER
control field OSt
005 - DATE AND TIME OF LATEST TRANSACTION
control field 20151029121945.0
008 - FIXED-LENGTH DATA ELEMENTS--GENERAL INFORMATION
fixed length control field 130308t xxu||||| |||| 00| 0 eng d
020 ## - INTERNATIONAL STANDARD BOOK NUMBER
International Standard Book Number 9780460873185
050 ## - LIBRARY OF CONGRESS CALL NUMBER
Classification number PR 5853
Item number .W925 2000
082 ## - DEWEY DECIMAL CLASSIFICATION NUMBER
Classification number IB 821.008
Item number W89 2000
100 ## - MAIN ENTRY--PERSONAL NAME
Personal name Wordsworth, William
245 ## - TITLE STATEMENT
Title Selected poems /
Statement of responsibility, etc William Wordsworth.
260 ## - PUBLICATION, DISTRIBUTION, ETC. (IMPRINT)
Place of publication, distribution, etc London
Name of publisher, distributor, etc Tuttle Publishing
Date of publication, distribution, etc 2000
300 ## - PHYSICAL DESCRIPTION
Extent 506 p.
Dimensions 20 cm
562 ## - COPY AND VERSION IDENTIFICATION NOTE
Number of copies 1
942 ## - ADDED ENTRY ELEMENTS (KOHA)
Source of classification or shelving scheme Library of Congress Classification
Koha item type Books
Holdings
Withdrawn status Lost status Source of classification or shelving scheme Damaged status Home library Current library Shelving location Date acquired Total Checkouts Full call number Barcode Date last seen Copy number Price effective from Koha item type
    Library of Congress Classification   Luxembourg Library Luxembourg Library International Baccalaureate Section 03/08/2013   PR 5853 .W925 2000 13428 05/25/2015 1 10/03/2013 Books

Selected poems /

APA

Wordsworth W., . (2000). Selected poems. London: Tuttle Publishing.

Chicago

Wordsworth William, . 2000. Selected poems. London: Tuttle Publishing.

Harvard

Wordsworth W., . (2000). Selected poems. London: Tuttle Publishing.

MLA

Wordsworth William, . Selected poems. London: Tuttle Publishing. 2000.

  • Place hold
  • Print
  • Cite
  • Add to your cart (remove)
  • Save record
    BIBTEX Dublin Core MARCXML MARC (non-Unicode/MARC-8) MARC (Unicode/UTF-8) MARC (Unicode/UTF-8, Standard) MODS (XML) RIS
  • More searches
    Search for this title in:
    Other Libraries (WorldCat) Other Databases (Google Scholar) Online Stores (Bookfinder.com) Open Library (openlibrary.org)

Exporting to Dublin Core...

SOUTHVILLE LIBRARY

Southville International School and Colleges Library

1281 Tropical Ave. Cor. Luxembourg St., BF Homes International, Las Pinas City

Tel. No. 8256374 / 252358 Loc. 117/146

Powered by Koha